000 00459cam a22001217a 4500
008 180718b-- xxu||||| |||| 00| 0 eng d
082 _aL906x5431 G
245 _aAccounts at a glance, Jammu and Kashmir
260 _aJammu
_bAccountant General (Accounts and Entitlements)
_c--
500 _aLibrary has 2002/03-2010/11
650 _aJammu and Kashmir - Appropriations and expenditures
700 _aJammu and Kashmir. Accountant General (Accounts and Entitlements)
999 _c487679
_d487679